00921nam a2200253Ia 450000500170000000800410001702000150005802000270007304000530010004100080015310000320016124501320019324600240032525000200034926000390036930000180040849000540042650400530048065000210053365000180055465000130057270000420058576500400062720211108101828.0130821s1994 sp gr spa  z8425410827 a9788425410826 (6a.Ed.) aCo-BoUCMbspacSaul Niño (Modificó)d[Nuevo]0 aspa1 aWatzlawick, Pauld1921-200711a¿Es real la realidad?bconfusión - desinformación - comunicacióncPaul Watzlawick ; traducción de Marciano Villanueva. aEs real la realidad aSexta edición aBarcelona (España)bHerderc1994 a272 páginas0 aBiblioteca de PsicologíaaTextos Universitarios aIncluye referencias bibliográficas e índices04aDesinformación04aInformación04aRealidad1 aVillanueva Salas, Marcianoetraductor aWie Wirklich ist die, Wirklichkeit?